BUSINESS EVVIRONMENT FOR STATEGIC MANAGEMENT (Record no. 89909)

MARC details
000 -LEADER
fixed length control field 00345nam a22001457a 4500
020 ## - INTERNATIONAL STANDARD BOOK NUMBER
ISBN 817493216X
082 ## - DEWEY DECIMAL CLASSIFICATION NUMBER
Classification number 658.4012/ASW
100 ## - MAIN ENTRY--AUTHOR NAME
Personal name ASWATHAPPA, K.
245 ## - TITLE STATEMENT
Title BUSINESS EVVIRONMENT FOR STATEGIC MANAGEMENT
250 ## - EDITION STATEMENT
Edition statement 1
260 ## - PUBLICATION, DISTRIBUTION, ETC. (IMPRINT)
Place of publication MUMBAI
Name of publisher HIMALAYA PUBLISHING HOUSE
Year of publication 1996
300 ## - PHYSICAL DESCRIPTION
Number of Pages 651
942 ## - ADDED ENTRY ELEMENTS (KOHA)
Koha item type Books
Holdings
Withdrawn status Lost status Collection code Home library Current library Shelving location Date acquired Source of acquisition Cost, normal purchase price Full call number Accession Number Koha item type Department
    Reference Modern College of Arts, Science and Commerce (Autonomous), Shivajinagar, Pune-5 Modern College of Arts, Science and Commerce (Autonomous), Shivajinagar, Pune-5 On Display 03/02/2026 REPLACED AGAINST 76069 (003-076069) 225.00 658.4012/ASW LR351 Books Commerce
P.E.Society's Modern College of Arts, Science and Commerce (Autonomous), Shivajinagar, Pune-5, Library and Information Centre. All Rights Reserved & Copyright@2021. Implemented and Customised by Softech Solutions & Services| Pune
You Are OPAC Visitor No web counter